[Event "Cairo Al Ain op"]
[Site "Cairo"]
[Date "2023.12.02"]
[Round "9"]
[White "Saber, Barakat"]
[Black "Shafek, Mohamed"]
[Result "1-0"]
[WhiteElo "1588"]
[BlackElo "1874"]
[PlyCount "75"]
[EventDate "2023.11.27"]
[EventType "swiss"]
[EventRounds "10"]
[EventCountry "EGY"]
[SourceTitle "CB49_2023"]
[SourceDate "2023.12.06"]
[SourceVersion "1"]
[SourceVersionDate "2023.12.06"]
[SourceQuality "1"]

1. d4 Nf6 2. Nf3 g6 3. g3 d6 4. Bg2 Bg7 5. c4 0-0 6. Nc3 Nbd7 7. 0-0 e5 8. e4 c6 9. h3 Qe7 10. Be3 Nb6 11. dxe5 dxe5 12. Qe2 Nh5 13. Nd2 Be6 14. c5 Nd7 15. b4 f5 16. exf5 Bxf5 17. Nde4 Qe6 18. Ng5 Qe8 19. Qc4+ Kh8 20. Nce4 Bxe4 21. Nxe4 b5 22. Qb3 Ndf6 23. Nd6 Qd7 24. Rfd1 Qc7 25. a4 Rab8 26. axb5 cxb5 27. Qa2 e4 28. Qxa7 Ne8 29. Qxc7 Nxc7 30. Ra7 Ne6 31. Bxe4 Bc3 32. Bd5 Nhg7 33. Nf7+ Kg8 34. Nh6+ Kh8 35. Bxe6 Nxe6 36. Rdd7 Bg7 37. Rxg7 Nxg7 38. Bd4 1-0

[Event "EGY-chT"]
[Site "Egypt"]
[Date "2016.05.07"]
[Round "3.5"]
[White "Farahat, Ali"]
[Black "Shafek, Mohamed"]
[Result "1-0"]
[WhiteElo "2413"]
[BlackElo "2090"]
[PlyCount "67"]
[EventDate "2016.05.05"]
[EventType "team-tourn"]
[EventRounds "9"]
[EventCountry "EGY"]
[SourceTitle "CBM 172 Extra"]
[Source "ChessBase"]
[SourceDate "2016.06.21"]
[SourceVersion "1"]
[SourceVersionDate "2016.06.21"]
[SourceQuality "1"]
[WhiteTeam "Sharkia Dokhan"]
[BlackTeam "Mokawlon Aswan"]
[WhiteTeamCountry "EGY"]
[BlackTeamCountry "EGY"]

1. e4 e6 2. d4 d5 3. Nc3 Nf6 4. Bg5 Be7 5. e5 Nfd7 6. Bxe7 Qxe7 7. f4 0-0 8. Nf3 c5 9. Qd2 Nc6 10. dxc5 Qxc5 11. Bd3 f6 12. exf6 Nxf6 13. 0-0-0 a6 14. Ne2 Bd7 15. Kb1 Nb4 16. Ned4 Nxd3 17. cxd3 Rae8 18. Rc1 Qd6 19. Ne5 Bc8 20. g3 Nd7 21. Rhe1 Nxe5 22. Rxe5 Bd7 23. Rce1 Rf6 24. f5 Rh6 25. fxe6 Bxe6 26. Qe2 Kf7 27. Nf5 Qd7 28. Nxh6+ gxh6 29. Qh5+ Kg7 30. Rxd5 Qxd5 31. Qxd5 Bxd5 32. Rxe8 Bc6 33. Re5 Kf6 34. d4 1-0

[Event "Mahalla op 16th"]
[Site "Mahalla"]
[Date "2015.07.31"]
[Round "8"]
[White "Amin, Bassem"]
[Black "Shafek, Mohamed"]
[Result "1-0"]
[WhiteElo "2640"]
[BlackElo "2053"]
[PlyCount "69"]
[EventDate "2015.07.24"]
[EventType "swiss"]
[EventRounds "9"]
[EventCountry "EGY"]
[SourceTitle "EXT 2016"]
[Source "ChessBase"]
[SourceDate "2015.10.08"]
[SourceVersion "1"]
[SourceVersionDate "2015.10.08"]
[SourceQuality "1"]

1. e4 e6 2. d3 d5 3. Nd2 Nf6 4. Ngf3 Be7 5. g3 c5 6. Bg2 Nc6 7. 0-0 0-0 8. Re1 b5 9. e5 Nd7 10. Nf1 c4 11. d4 b4 12. h4 a5 13. N1h2 a4 14. Bg5 Bb7 15. Qd2 Nb6 16. Ng4 c3 17. bxc3 Nc4 18. Qf4 bxc3 19. Bf1 Nb4 20. Bf6 Kh8 21. a3 gxf6 22. exf6 Bd6 23. Qh6 Rg8 24. Ng5 Rxg5 25. hxg5 Qg8 26. axb4 Nd2 27. Bd3 Nf3+ 28. Kg2 Nxg5 29. Rh1 Bf8 30. Qh5 Bc6 31. Rh4 e5 32. Rah1 e4 33. Qxg5 exd3 34. Qxg8+ Kxg8 35. Rxh7 1-0

[Event "Mahalla op 14th"]
[Site "Mahalla"]
[Date "2012.07.12"]
[Round "5"]
[White "Shafek, Mohamed"]
[Black "Eldesoky, Hatem"]
[Result "1/2-1/2"]
[WhiteElo "2054"]
[BlackElo "2262"]
[PlyCount "67"]
[EventDate "2012.07.09"]
[EventType "swiss"]
[EventRounds "9"]
[EventCountry "EGY"]
[SourceTitle "EXT 2019"]
[Source "ChessBase"]
[SourceDate "2018.10.10"]
[SourceVersion "1"]
[SourceVersionDate "2018.10.10"]
[SourceQuality "1"]

1. e4 d5 2. exd5 Qxd5 3. Nc3 Qd8 4. d4 Nf6 5. Nf3 Bg4 6. Be2 Nc6 7. Be3 e6 8. h3 Bf5 9. Nh4 Bg6 10. Nxg6 hxg6 11. Bf3 Qd7 12. d5 exd5 13. Nxd5 Nxd5 14. Qxd5 Qxd5 15. Bxd5 Bd6 16. 0-0-0 0-0-0 17. Bxc6 bxc6 18. Rd4 a6 19. Rhd1 Be7 20. Rxd8+ Rxd8 21. Rxd8+ Kxd8 22. Kd2 Kd7 23. Kd3 g5 24. Kc4 Bd6 25. a4 Ke6 26. a5 f6 27. Bc5 Ke7 28. Kb4 Kf8 29. b3 Ke7 30. Kc4 Kf8 31. Kd4 Ke7 32. Ke4 Ke6 33. Kd4 Ke7 34. Kc4 1/2-1/2

[Event "Mahalla op 13th"]
[Site "Mahalla"]
[Date "2011.07.05"]
[Round "3"]
[White "Yousry, Salah"]
[Black "Shafek, Mohamed"]
[Result "1-0"]
[WhiteElo "2348"]
[BlackElo "2074"]
[PlyCount "105"]
[EventDate "2011.07.04"]
[EventType "swiss"]
[EventRounds "9"]
[EventCountry "EGY"]
[SourceTitle "CBM 143 Extra"]
[Source "ChessBase"]
[SourceDate "2011.08.29"]
[SourceVersion "1"]
[SourceVersionDate "2011.08.29"]
[SourceQuality "1"]

1. d4 Nf6 2. Nf3 g6 3. Bg5 Bg7 4. Bxf6 Bxf6 5. e4 d6 6. h3 c5 7. c3 Qb6 8. Qd2 cxd4 9. Nxd4 Nc6 10. Nf3 Be6 11. Na3 Rc8 12. Be2 0-0 13. 0-0 Rfd8 14. Bc4 Bxc4 15. Nxc4 Qc5 16. Ne3 Bg7 17. Rad1 Bh6 18. Rfe1 b5 19. Qe2 Bxe3 20. Qxe3 Qxe3 21. Rxe3 a5 22. Red3 b4 23. c4 f6 24. Rd5 a4 25. Kf1 b3 26. axb3 axb3 27. Rb5 Rb8 28. Rd3 Rxb5 29. cxb5 Na5 30. Nd4 Rb8 31. Rc3 e5 32. Nxb3 Rxb5 33. Rc8+ Kf7 34. Rc7+ Ke6 35. Nxa5 Rxa5 36. Rxh7 Rb5 37. h4 Rxb2 38. f3 Rd2 39. Rg7 g5 40. hxg5 fxg5 41. Rxg5 Kf6 42. Rg8 Kf7 43. Ra8 Ke7 44. Kg1 d5 45. Ra5 Ke6 46. Rxd5 Ra2 47. Rb5 Kf6 48. Kh2 Ra8 49. Rb6+ Kf7 50. Kg3 Rg8+ 51. Kf2 Ra8 52. Rb2 Kf6 53. g3 1-0

[Event "Egypt op"]
[Site "Egypt"]
[Date "2009.07.29"]
[Round "9"]
[White "Shafek, Mohamed"]
[Black "Elswefy, Amro"]
[Result "0-1"]
[WhiteElo "2092"]
[BlackElo "2053"]
[PlyCount "80"]
[EventDate "2009.07.20"]
[EventType "swiss"]
[EventRounds "9"]
[EventCountry "EGY"]
[SourceTitle "EXT 2011"]
[Source "ChessBase"]
[SourceDate "2010.11.26"]
[SourceVersion "1"]
[SourceVersionDate "2010.11.26"]
[SourceQuality "1"]

1. d4 Nf6 2. c4 e6 3. Nc3 Bb4 4. Qc2 0-0 5. Nf3 d5 6. Bd2 c5 7. a3 Bxc3 8. Bxc3 cxd4 9. Nxd4 e5 10. Nf3 d4 11. Bb4 Re8 12. 0-0-0 a5 13. Bd2 Nc6 14. e3 Bg4 15. Re1 Rc8 16. e4 b5 17. c5 b4 18. axb4 Nxb4 19. Bxb4 axb4 20. Kb1 Qa5 21. Bc4 Rxc5 22. b3 Be6 23. Nd2 Rec8 24. Rc1 Qc7 25. f3 Nd7 26. Qb2 Qb6 27. Rc2 Bxc4 28. Rxc4 Qb5 29. Rhc1 Nb6 30. Rxc5 Rxc5 31. Rxc5 Qxc5 32. Qc2 Qc3 33. Kc1 Kf8 34. Nb1 Qe3+ 35. Kb2 d3 36. Qc7 Qd4+ 37. Kc1 g6 38. Nd2 Kg7 39. Nc4 Qc3+ 40. Kb1 d2 0-1

[Event "Egypt op"]
[Site "Egypt"]
[Date "2009.07.25"]
[Round "5"]
[White "Shafek, Mohamed"]
[Black "Labib, Hazem"]
[Result "1-0"]
[WhiteElo "2092"]
[BlackElo "1861"]
[PlyCount "81"]
[EventDate "2009.07.20"]
[EventType "swiss"]
[EventRounds "9"]
[EventCountry "EGY"]
[SourceTitle "EXT 2011"]
[Source "ChessBase"]
[SourceDate "2010.11.26"]
[SourceVersion "1"]
[SourceVersionDate "2010.11.26"]
[SourceQuality "1"]

1. d4 Nf6 2. c4 g6 3. Nc3 d5 4. Bg5 Ne4 5. cxd5 Nxc3 6. bxc3 Qxd5 7. Nf3 Bg7 8. e3 c5 9. Qa4+ Bd7 10. Qc4 Qxc4 11. Bxc4 Nc6 12. 0-0 0-0 13. Rab1 Bf5 14. Rb5 cxd4 15. cxd4 Rac8 16. Bd5 Bd3 17. Rxb7 Bxf1 18. Kxf1 e6 19. Bxc6 Rxc6 20. Rxa7 Rb8 21. g4 f6 22. Bf4 Rb1+ 23. Kg2 g5 24. Bg3 Rb2 25. e4 Rcb6 26. d5 e5 27. a4 Rb7 28. Ra8+ Rb8 29. Ra7 R2b4 30. h4 h6 31. hxg5 hxg5 32. Nd2 Rd4 33. Nf1 Rxe4 34. Ne3 Bf8 35. Ra6 Kf7 36. Ra7+ Ke8 37. Ra6 Be7 38. Nf5 Rb7 39. Re6 Kf7 40. Rxe7+ Rxe7 41. Nd6+ 1-0

[Event "Assiut op 04th"]
[Site "Assiut"]
[Date "2008.07.24"]
[Round "6"]
[White "Wageih, Kareim"]
[Black "Shafek, Mohamed"]
[Result "1-0"]
[WhiteElo "2214"]
[BlackElo "2131"]
[PlyCount "73"]
[EventDate "2008.07.19"]
[EventType "swiss"]
[EventRounds "9"]
[EventCountry "EGY"]
[SourceTitle "EXT 2009"]
[Source "ChessBase"]
[SourceDate "2008.11.26"]
[SourceVersion "1"]
[SourceVersionDate "2008.11.26"]
[SourceQuality "1"]

1. d4 Nf6 2. Nf3 g6 3. e3 Bg7 4. c4 d6 5. Nc3 0-0 6. Be2 Nbd7 7. 0-0 e5 8. b4 a5 9. b5 b6 10. Ba3 Re8 11. Rc1 Bb7 12. dxe5 Nxe5 13. Nxe5 Rxe5 14. Bf3 Qc8 15. Nd5 Re8 16. Nxf6+ Bxf6 17. Bd5 Kg7 18. Qf3 Rb8 19. g4 h6 20. h4 Re7 21. Qg3 Bxd5 22. cxd5 Re4 23. f4 Qe8 24. g5 Bd8 25. Bb2+ Kh7 26. f5 h5 27. fxg6+ fxg6 28. Rf4 Kg8 29. Rcf1 Rxf4 30. Qxf4 Qe7 31. Qd4 Qe5 32. Qxe5 dxe5 33. Bxe5 Rc8 34. Rd1 Kf7 35. d6 Ke6 36. Bf4 Kd7 37. dxc7+ 1-0